PALÁCIOS SEDE DOS GOVERNOS ESTADUAIS DO BRASIL - Statistics

Estatísticas Gerais
  • Esse quiz foi jogado 24 vezes
  • A pontuação média é 12 de 27
Estatísticas das Respostas
Hint Resposta % Correto
Palácio Rio Branco ACRE
100%
Palácio Guanabara RIO DE JANEIRO
67%
Palácio dos Bandeirantes SÃO PAULO
67%
Palácio de Ondina BAHIA
62%
Palácio Iguaçu PARANÁ
57%
Palácio República dos Palmares ALAGOAS
52%
Eifício Tiradentes, Cidade Administrativa MINAS GERAIS
52%
Palácio Rio Madeira RONDÔNIA
52%
Palácio Araguaia TOCANTINS
52%
Palácio Rio Negro AMAZONAS
48%
Palácio da Abolição CEARÁ
48%
Palácio Piratini RIO GRANDE DO SUL
48%
Palácio dos Leões MARANHÃO
43%
Palácio Lauro Sodré PARÁ
43%
Palácio do Campo das Princesas PERNAMBUCO
43%
Palácio do Buriti DISTRITO FEDERAL
38%
Palácio Anchieta ESPÍRITO SANTO
38%
Palácio das Esmeraldas GOIÁS
38%
Palácio de Despachos de Lagoa Nova RIO GRANDE DO NORTE
38%
Palácio Governador Augusto Franco SERGIPE
38%
Palácio Paiaguás MATO GROSSO
33%
Palácio Karnak PIAUÍ
33%
Palácio do Setentrião AMAPÁ
29%
Palácio da Redenção PARAÍBA
29%
Palácio Senador Hélio Campos RORAIMA
29%
Governadoria, Parque dos Poderes MATO GROSSO DO SUL
24%
Centro Administrativo do Estado SANTA CATARINA
24%
Nenhum quiz correspondente encontrado
Distribuição das Pontuações
Porcentagem de Pessoas com Cada Pontuação
Percentil de Números Respondidos
Sua Pontuação Histórica
Você não jogou esse quiz